Greek Mythical Creatures - Statistics

General Stats
  • This quiz has been taken 78 times
  • The average score is 10 of 15
Answer Stats
Question Answer % Correct
Minotaur Bull headed man
100%
Pegasus Horse with wings
100%
Satyr Half goat, half human
94%
Sphynx body of a lion, wings of an eagle, head of a woman
89%
Harpy half chicken, half woman
89%
Centaurs Half man, half horse
89%
Chimera Lion with a snake tail and a goat head in the middle of its body
83%
Gorgons Women with snakes for hair
78%
Griffin Body of a lion, head and wings of an eagle
72%
Hippocampi body of a horse, tail of a fish
61%
Hippalectryon Front half of a horse, back half of a rooster
44%
Mantikhoras Lion with human head
44%
Ophiotaurus Part snake, part bull
39%
ichthyocentaur human upper body, fish tail, horse feet as hands
33%
Cecrops Half man, half snake
22%
No matching quizzes found
Score Distribution
Percent of People with Each Score
Percentile by Number Answered
Your Score History
You have not taken this quiz